书目信息 |
| 题名: |
制图用表
|
|
| 作者: | ;刘文庆 译 ;苏联中央测绘科学研究所 | |
| 分册: | ||
| 出版信息: | 北京 中国工业出版社 1963.09 |
|
| 页数: | 134页 | |
| 开本: | 26cm | |
| 丛书名: | ||
| 单 册: | ||
| 中图分类: | P282.4 | |
| 科图分类: | ||
| 主题词: | 地图学 | |
| 电子资源: | ||
| ISBN: | ||
| 000 | 00694nam0 2200217 45 | |
| 001 | 0405201544 | |
| 005 | 20040520154757.7 | |
| 010 | @dCNY0.90 | |
| 091 | @a15165.2431 | |
| 100 | @a20040520d1963 km y0chiy0120 ea | |
| 101 | 0 | @achi |
| 105 | @a z 000yy | |
| 200 | 1 | @a制图用表@AZhi Tu Yong Biao@f苏联中央测绘科学研究所编@FSu Lian Zhong Yang Ce Hui Ke Xue Yan Jiu Suo Bian@g刘文庆译 |
| 210 | @a北京@c中国工业出版社@d1963.09 | |
| 215 | @a134页@d26cm | |
| 606 | 0 | @a地图学 |
| 690 | @aP282.4@v3 | |
| 702 | 0 | @a刘文庆@ALiu Wen Qing@4译 |
| 711 | 02 | @a苏联中央测绘科学研究所@ASu Lian Zhong Yang Ce Hui Ke Xue Yan Jiu Suo |
| 801 | @aCN@bPftUser@c20040520 | |
| 905 | @f1@b8554@dP282.4@e2@b16316@f1 | |
| 制图用表/苏联中央测绘科学研究所编/刘文庆译.-北京:中国工业出版社,1963.09 |
| 134页;26cm |
| ISBN :CNY0.90 |
| ● |
| 相关链接 |
|
|
|
|
正题名:制图用表
索取号:P282.4/2
 
预约/预借
| 序号 | 登录号 | 条形码 | 馆藏地/架位号 | 状态 | 备注 |
| 1 | 0008554 | 000072030 | 密集书库/ [索取号:P282.4/2] | 在馆 | |
| 2 | 0016316 | 000072049 | 密集书库/ [索取号:P282.4/2] | 在馆 |